Մուրատի ճամբորդութիւնը : (Record no. 87241)
[ view plain ]
| 000 -LEADER | |
|---|---|
| fixed length control field | 01087nam a2200229 u 4500 |
| 001 - CONTROL NUMBER | |
| control field | 000244979 |
| 003 - CONTROL NUMBER IDENTIFIER | |
| control field | AM-YeHGA |
| 005 - DATE AND TIME OF LATEST TRANSACTION | |
| control field | 20250618071634.0 |
| 008 - FIXED-LENGTH DATA ELEMENTS--GENERAL INFORMATION | |
| fixed length control field | 030709s1990 ai |||||||||||||||||arm|c |
| 040 ## - CATALOGING SOURCE | |
| Original cataloging agency | AM-YeHGA |
| 090 ## - LOCALLY ASSIGNED LC-TYPE CALL NUMBER (OCLC); LOCAL CALL NUMBER (RLIN) | |
| -- | 88525 |
| 100 1# - MAIN ENTRY--PERSONAL NAME | |
| Personal name | Եսայան, Զապել Մկրտչի, |
| Dates associated with a name | 1878-1941 |
| 9 (RLIN) | 1885 |
| 245 10 - TITLE STATEMENT | |
| Title | Մուրատի ճամբորդութիւնը : |
| Remainder of title | [Սվազէն Պաթում: (ուղեգրություն՝ ականատեսի վկայությամբ)] / |
| Statement of responsibility, etc. | Զ. Եսայեան; Կազմ.՝ Ս.Ս. Գրիգորյան; Առաջաբ.՝ Ս.Մ. Սահակյան; Խմբ.՝ Մ.Է. Ճանճապանյան. |
| 260 ## - PUBLICATION, DISTRIBUTION, ETC. | |
| Place of publication, distribution, etc. | Երևան : |
| Name of publisher, distributor, etc. | NB-Պրես, |
| Date of publication, distribution, etc. | 1990. |
| 300 ## - PHYSICAL DESCRIPTION | |
| Extent | 94 էջ ; |
| Dimensions | 20 սմ. |
| 600 14 - SUBJECT ADDED ENTRY--PERSONAL NAME | |
| Personal name | Սեբաստացի Մուրադ (Մուրադ Խրիմյան) |
| 650 14 - SUBJECT ADDED ENTRY--TOPICAL TERM | |
| Topical term or geographic name entry element | Հայ գրականություն |
| General subdivision | Էսսե |
| 650 14 - SUBJECT ADDED ENTRY--TOPICAL TERM | |
| Topical term or geographic name entry element | Հայոց պատմություն |
| Active dates | 1915 |
| Geographic subdivision | Սեբաստիա |
| 700 1# - ADDED ENTRY--PERSONAL NAME | |
| Personal name | Գրիգորյան, Ս.Ս. |
| Relator term | կազմ. |
| Relationship | com |
| 700 1# - ADDED ENTRY--PERSONAL NAME | |
| Personal name | Սահակյան, Ս.Մ. |
| Relator term | առաջաբ. |
| Relationship | aui |
| 700 1# - ADDED ENTRY--PERSONAL NAME | |
| Personal name | Ճանճապանյան, Մ.Է. |
| Relator term | խմբ. |
| Relationship | edt |
| Withdrawn status | Lost status | Damaged status | Not for loan | Collection | Home library | Current library | Date acquired | Total checkouts | Full call number | Barcode | Date last seen | Price effective from | Koha item type | Public note | Copy number |
|---|---|---|---|---|---|---|---|---|---|---|---|---|---|---|---|
| General | Fundamental Scientific Library | Fundamental Scientific Library | 22/12/2016 | 891.981 | 220081627 | 22/12/2016 | 22/12/2016 | Գրքեր / Books | 30 Days Loan | ||||||
| General | Fundamental Scientific Library | Fundamental Scientific Library | 22/12/2016 | AII/82434 | FL0216842 | 22/12/2016 | 22/12/2016 | Գրքեր / Books | 30 Days Loan | 891.981 |
ՀՀ Գիտությունների ազգային ակադեմիայի հիմնարար գիտական գրադարան = Fundamental Scientific Library of NAS RA
All site content, except where otherwise noted, is licensed under a